| 000 | 00924cam a22002415a 4500 | ||
|---|---|---|---|
| 001 | 18116620 | ||
| 005 | 20161225155542.0 | ||
| 008 | 140415t2014 enka frb 001 0 eng d | ||
| 020 | _a0123970229 | ||
| 020 | _a9780123970220 | ||
| 040 |
_aERL _beng _cERL _dOCLCO _dYDXCP _dIXA _dBTCTA _dUKMGB _dCDX _dDLC _dEG-ScBUE |
||
| 082 | 0 | 4 |
_a665.5 _222 _bPAP |
| 100 | 1 |
_aPapavinasam, Sankara, _d1962- |
|
| 245 | 1 | 0 |
_aCorrosion control in the oil and gas industry / _cSankara Papavinasam. |
| 260 |
_aLondon : _bGulf Professional Publishing / Elsevier, _cc.2014. |
||
| 300 |
_axviii, 992 p. : _bill. ; _c23 cm. |
||
| 504 | _aIncludes bibliographical references and index. | ||
| 650 | 7 |
_aPetroleum industry and trade _xEquipment and supplies _xCorrosion. _2BUEsh |
|
| 650 | 7 |
_aGas industry _xEquipment and supplies _xCorrosion. _2BUEsh |
|
| 650 | 7 |
_aCorrosion and anti-corrosives. _2BUEsh _93623 |
|
| 653 |
_bENGPET _cDecember2016 |
||
| 942 | _2ddc | ||
| 999 |
_c23750 _d23722 |
||